Reglamentación del estatuto del docente : decreto no. 2485 /
Guardado en:
| Formato: | Libro |
|---|---|
| Publicado: |
Buenos Aires :
Producciónes Editoriales G y Md,
1992
|
| Materias: | |
| Etiquetas: |
Agregar Etiqueta
Sin Etiquetas, Sea el primero en etiquetar este registro!
|
| LEADER | 00563nam a22001815a 4500 | ||
|---|---|---|---|
| 001 | CEM.cems007555 | ||
| 005 | 20060214000000.0 | ||
| 008 | 130507s1992##################000#0#####d | ||
| 003 | CEMS | ||
| 082 | 0 | 4 | |a 379.14 |
| 245 | 0 | 0 | |a Reglamentación del estatuto del docente : |b decreto no. 2485 / |
| 260 | |a Buenos Aires : |b Producciónes Editoriales G y Md, |c 1992 | ||
| 300 | |a 58 p. | ||
| 653 | |a Educacion | ||
| 653 | |a Educacion argentina | ||
| 653 | |a Educacion-legislacion | ||
| 653 | |a Estatuto del docente | ||
| 859 | |a CEMS |b BIB. CEMS - 11 de abril |h 379.14 |i B862-6 |p 17634.94 |t Ej.1 | ||
